Efektívne delené zásielky zo skladu k odberateľovi

Doprava a distribúcia maloobchodného tovaru prechádza rozsiahlymi premenami, silnejúci individualizmus a rôzne nákupné návyky zákazníkov nútia dodávateľov vymýšľať stále nové a efektívnejšie spôsoby, ako klientom dodať tovar v žiadanej kvalite a v určenom termíne a samozrejme s dôrazom na úsporu nák...

Descrizione completa

Salvato in:
Dettagli Bibliografici
Autore principale: Libora, Pavel
Natura: Capitolo di libro
Lingua:slovacco
Soggetti:
Tags: Aggiungi Tag
Nessun Tag, puoi essere il primo ad aggiungerne!!

MARC

LEADER 00000naa a2200000 4500
001 0155089
005 20231010141304.1
041 0 |a slo 
044 |a SK 
245 1 0 |a Efektívne delené zásielky zo skladu k odberateľovi  |c Pavel Libora 
520 |a Doprava a distribúcia maloobchodného tovaru prechádza rozsiahlymi premenami, silnejúci individualizmus a rôzne nákupné návyky zákazníkov nútia dodávateľov vymýšľať stále nové a efektívnejšie spôsoby, ako klientom dodať tovar v žiadanej kvalite a v určenom termíne a samozrejme s dôrazom na úsporu nákladov. Zvyšuje sa záujem o vychystávacie kontajnery, rolltajnery alebo viacdruhové palety. 
610 2 0 |a maloobchod 
610 2 0 |a tovar 
610 2 0 |a doprava 
610 2 0 |a logistika obchodná 
100 1 |a Libora, Pavel